000 00518nam a2200181Ia 4500
008 100921s9999 xx 000 0 und d
082 _b17823
_a891.463 थ 82
100 _aप्रभू प्रकाश.
245 _aपालखी.
260 _bमंदार प्रकाशन,पुणे.
_c1982
300 _a124
_b---
365 _b15
520 _aललित-कथा.
630 _aपालखी.
650 _aललित-कथा.
730 _aपालखी.
942 _cBOOK
999 _c766936
_d766933